banner koha

Manejo de pragas da soja no Planalto Medio e Missoes do Rio Grande do Sul - safra 1982/83 [Glycine max., lagarta, percevejo, Brasil] (Registro n. 316059)

MARC details
000 -LÍDER
campo de controle de tamanho fixo 01481naa a22003977a 4500
001 - NÚMERO DE CONTROLE
campo de controle BR8303781
003 - IDENTIFICADOR DO NÚMERO DE CONTROLE
campo de controle BR-BrBNA
005 - DATA E HORÁRIO DA ÚLTIMA TRANSAÇÃO
campo de controle 20240918175312.0
007 - CAMPO FIXO DE DESCRIÇÃO FÍSICA--INFORMAÇÃO GERAL
campo de controle de tamanho fixo ta
008 - CAMPO DE DADOS FIXOS--INFORMAÇÃO GERAL
campo de controle de tamanho fixo 230509b bl.||||| |||| 00| 0 por d
040 ## - FONTE DA CATALOGAÇÃO
Instituição da catalogação original BR-BrBNA
Idioma da catalogação por
Instituição que transcreveu o registro Biblioteca Nacional de Agricultura
041 ## - CÓDIGO DE IDIOMA
Código do idioma do texto/trilha sonora ou título diferente (Pt)
072 ## - CÓDIGO DE CATEGORIA DE ASSUNTO
Código de Categoria de Assunto H10
Código do objeto 0336
-- 4020
-- G514
090 ## - NÚMERO DE CHAMADA LOCAL
Número de chamada H10 BR8303781
100 1# - ENTRADA PRINCIPAL--NOME PESSOAL
Nome pessoal Silva, M.T.B. da
100 1# - ENTRADA PRINCIPAL--NOME PESSOAL
Nome pessoal Ruedell, J.
100 1# - ENTRADA PRINCIPAL--NOME PESSOAL
Nome pessoal Copetti, L.C.
100 1# - ENTRADA PRINCIPAL--NOME PESSOAL
Nome pessoal Schimit Filho, C.A.
100 1# - ENTRADA PRINCIPAL--NOME PESSOAL
Nome pessoal Bertuol, N.
100 1# - ENTRADA PRINCIPAL--NOME PESSOAL
Nome pessoal Marchetti, H.A.
100 1# - ENTRADA PRINCIPAL--NOME PESSOAL
Nome pessoal Telles, J.E.S.
100 1# - ENTRADA PRINCIPAL--NOME PESSOAL
Nome pessoal Facco, E.J.
111 1# - ENTRADA PRINCIPAL--NOME DO EVENTO
Nome do evento ou lugar 11. Reuniao de Pesquisa de Soja da Regiao Sul
Local do evento Santa Maria, RS (Brazil)
Data do evento ou assinatura do tratado 2-4 Aug 1983
245 1# - TÍTULO
Título Manejo de pragas da soja no Planalto Medio e Missoes do Rio Grande do Sul - safra 1982/83 [Glycine max., lagarta, percevejo, Brasil]
260 3# - PUBLICAÇÃO, DISTRIBUIÇÃO, ETC.
Local de publicação, distribuição, etc. Cruz Alta, RS (Brasil):
Data da publicação, distribuição, etc. 1983.
500 ## - NOTA GERAL
Nota geral Contribuicao do Centro de Experimentacao e Pesquisa a 11. Reuniao de Pesquisa de Soja da Regiao Sul<br/>Cruz Alta, RS (Brasil): 1983. p. 205-211<br/>(BR8303781-AM)H10<br/>
650 ## - ASSUNTO--TERMO TÓPICO
Cabeçalho tópico ou nome geográfico SOJA
650 ## - ASSUNTO--TERMO TÓPICO
Cabeçalho tópico ou nome geográfico INSETO
650 ## - ASSUNTO--TERMO TÓPICO
Cabeçalho tópico ou nome geográfico LAGARTA
650 ## - ASSUNTO--TERMO TÓPICO
Cabeçalho tópico ou nome geográfico PERCEVEJO
650 ## - ASSUNTO--TERMO TÓPICO
Cabeçalho tópico ou nome geográfico FLUTUACAO POPULACIONAL
650 ## - ASSUNTO--TERMO TÓPICO
Cabeçalho tópico ou nome geográfico RIO GRANDE DO SUL
773 0# - ENTRADA ANALÍTICA
Título Contribuicao do Centro de Experimentacao e Pesquisa a 11. Reuniao de Pesquisa de Soja da Regiao Sul
Número de controle do registro H10 BR8303781
Partes relacionadas Cruz Alta, RS (Brasil), 1983. p. 205-211
909 ## -
-- 202404
-- Lucia
-- 55
-- Lucia Elande
942 ## - ELEMENTOS DE ENTRADA ADICIONADOS (KOHA)
Tipo de material Koha Capítulo-Livro
Fonte da classificação ou esquema de arquivamento na estante Classificação AGRIS
Exemplares
Situação do descarte Fonte da classificação ou esquema de arquivamento na estante Situação física Não pode ser emprestado Coleção Biblioteca de origem Biblioteca atual Localização na estante Total de empréstimos Número de telefone completo Data de último acesso Número do exemplar Tipo de material Koha Situação das perdas Data de aquisição Fonte de aquisição
  Classificação AGRIS       Biblioteca Nacional de Agricultura - Binagri Biblioteca Nacional de Agricultura - Binagri Agrobase - Acervo Geral   0180 BR9406679 20/05/2024 01 Capítulo-Livro   2024-04-11 Portaria Interministerial nº 164/94

BINAGRI

Telefone: (61)3218-2567/2388/3357/2097 - binagri@agro.gov.br

Ministério da Agricultura e Pecuária , Esplanada dos Ministérios, Bloco D, Anexo B, Brasília/DF, CEP: 70.043-900